000 00736nam a2200205Ii 4500
003 JO-AjNU
008 230605s9999||||xx |||||||||||||| ||und||
040 _aJO-AjNU
_bara
_erda
_cJO-AjNU
041 _aara
050 1 4 _aKRM874.2008
100 3 _aحسين، محمد عبد الظاهر,
_eauthor
_932320
245 0 0 _aالعقود المسماة : عقد البيع - عقد الإيجار - عقد التأمين
250 _a(د،ط)
264 3 1 _aد،م : د،ن ،2008
300 _a242ص
336 _atext
_btxt
_2rdacontent
337 _aunmediated
_bn
_2rdamedia
338 _avolume
_bnc
_2rdacarrier
650 4 _aالعقود المسماة -- عقد البيع -- عقد الإيجار -- عقد التأمين
_932321
999 _aA13034
_c16602
_d16602